|
|
|
|
| LEADER |
00000nam0a2200000 4500 |
| 001 |
56412 |
| 005 |
20231031053415.0 |
| 035 |
|
|
|a (RuTPU)RU\TPU\book\59257
|
| 090 |
|
|
|a 56412
|
| 100 |
|
|
|a 20030929d1979 k y0rusy50 ca
|
| 101 |
0 |
|
|a rus
|
| 102 |
|
|
|a RU
|
| 105 |
|
|
|a a z 001zy
|
| 200 |
1 |
|
|a Теория восстановления сигналов
|e О редукции к идеальному прибору в физике и технике
|f Г. И. Василенко
|
| 210 |
|
|
|a Москва
|c Советское радио
|d 1979
|
| 215 |
|
|
|a 271 с.
|c ил.
|
| 320 |
|
|
|a Библиогр.: с. 263-269
|
| 320 |
|
|
|a Предметный указатель: с. 270
|
| 610 |
1 |
|
|a радиосигналы
|
| 610 |
1 |
|
|a искажения
|
| 610 |
1 |
|
|a корректирование
|
| 610 |
1 |
|
|a математическая физика
|
| 610 |
1 |
|
|a задачи
|
| 610 |
1 |
|
|a решение
|
| 610 |
1 |
|
|a некорректные задачи
|
| 675 |
|
|
|a 621.391.8
|v 3
|
| 700 |
|
1 |
|a Василенко
|b Г. И.
|g Георгий Иванович
|
| 801 |
|
1 |
|a RU
|b 63413507
|c 20030929
|g PSBO
|
| 801 |
|
2 |
|a RU
|b 63413507
|c 20120626
|g PSBO
|
| 942 |
|
|
|c BK
|